[Event "POLFINAL MISTRZOSTW POLSKI JUNIOROW 2019 - C15"]
[Site "Ustron"]
[Date "1899-12-30"]
[Round "1.1"]
[White "Budzisz, Adrian"]
[Black "Kozubek, Krystian"]
[Result "1-0"]
[WhiteTitle "I"]
[BlackTitle "II+"]
[WhiteElo "1842"]
[BlackElo "1545"]

1. e4 c6 2. d4 d5 3. exd5 cxd5 4. Bd3 Nf6 5. Bf4 Nc6 6. c3 e6 7. Ne2 Bd6 8. O-O
Bxf4 9. Nxf4 Qd6 10. g3 O-O 11. Na3 a6 12. Nc2 b6 13. Ne3 Bb7 14. Nh3 e5 15. Nf5
Qd7 16. dxe5 Nxe5 17. Nf4 Rad8 18. Nd4 Nxd3 19. Nxd3 Rfe8 20. Qb3 Qc7 21. Rfe1
Ne4 22. Qc2 g6 23. Rad1 Kg7 24. Nf4 Kg8 25. Qc1 Nc5 26. Nh5 Ne4 27. f3 Re5 28.
Qf4 gxh5 29. fxe4 Qe7 30. Nf5 Qe6 31. Qg5+ 1-0

[Event "POLFINAL MISTRZOSTW POLSKI JUNIOROW 2019 - C15"]
[Site "Ustron"]
[Date "1899-12-30"]
[Round "1.2"]
[White "Gradalski, Olaf"]
[Black "Gardian, Adam"]
[Result "1-0"]
[WhiteTitle "II"]
[BlackTitle "I"]
[WhiteElo "1542"]
[BlackElo "1835"]

1. e4 e5 2. Nf3 Nc6 3. Bc4 Bc5 4. c3 Qe7 5. O-O Nf6 6. d4 Bb6 7. Bg5 d6 8. dxe5
Nxe5 9. Nxe5 Qxe5 10. Bxf6 Qxf6 11. Nd2 Bd7 12. Qc2 O-O 13. Bd3 a6 14. Nc4 Ba7
15. e5 dxe5 16. Bxh7+ Kh8 17. Be4 Rab8 18. Ne3 c6 19. Rad1 Rfd8 20. Qe2 g6 21.
Bc2 b5 22. Bb3 Kg7 23. Rd2 Be6 24. Rfd1 Bxb3 25. axb3 Rxd2 26. Qxd2 Bb6 27. Ng4
Qe6 28. Qh6+ Kg8 29. Qg5 Bc7 30. Rd7 Bd6 31. Nh6+ Kg7 32. Rxd6 Qxd6 33. Nf5+ 1-0

[Event "POLFINAL MISTRZOSTW POLSKI JUNIOROW 2019 - C15"]
[Site "Ustron"]
[Date "1899-12-30"]
[Round "1.3"]
[White "Majewski, Krzysztof"]
[Black "Kossowski, Pawel"]
[Result "1/2-1/2"]
[WhiteTitle "I"]
[BlackTitle "II+"]
[WhiteElo "1800"]
[BlackElo "1541"]

1. c4 c5 2. Nc3 Nc6 3. g3 g6 4. Bg2 Bg7 5. d3 d6 6. e4 Nf6 7. h3 O-O 8. Nge2 Ne8
9. O-O Nc7 10. f4 Ne6 11. Kh2 Ned4 12. Nxd4 Nxd4 13. Ne2 e6 14. Rb1 a5 15. Nxd4
cxd4 16. a4 Bd7 17. b3 Bc6 18. Bb2 e5 19. f5 Qe7 20. Qe2 gxf5 21. exf5 Rfe8 22.
Rbe1 Qd8 23. Bc1 f6 24. Qh5 Qb6 25. Bxc6 bxc6 26. Re4 Re7 27. Rh4 Bf8 28. Bh6
Qxb3 29. Bxf8 Rxf8 30. Qh6 Ref7 31. Qd2 Qxa4 32. g4 Qb4 33. Qe2 Rb8 34. Rf2 Qc3
35. g5 fxg5 36. Rh5 Qc1 37. Qg4 Rbf8 38. Rxg5+ Kh8 39. Kg2 Qxg5 40. Qxg5 Rg7 41.
Qxg7+ Kxg7 42. Ra2 Ra8 43. Kf3 d5 44. cxd5 cxd5 45. Kg4 Kf6 46. Ra4 Ra7 47. h4
Ra8 48. h5 h6 49. Ra1 a4 50. Rb1 Rg8+ 51. Kf3 Kxf5 52. Rb6 Ra8 53. Rb1 a3 54.
Ra1 a2 55. Ke2 e4 56. Ke1 Rg8 57. Rxa2 e3 58. Ra5 Ke5 59. Ra6 Kf4 60. Rxh6 Rg1+
61. Ke2 Rg2+ 62. Ke1 Rg5 63. Rf6+ Ke5 64. Rh6 Kf4 65. Rf6+ 1/2-1/2

[Event "POLFINAL MISTRZOSTW POLSKI JUNIOROW 2019 - C15"]
[Site "Ustron"]
[Date "1899-12-30"]
[Round "1.4"]
[White "Malik, Maciej"]
[Black "Dalkowski, Rafal"]
[Result "0-1"]
[WhiteTitle "I"]
[BlackTitle "II+"]
[WhiteElo "1522"]
[BlackElo "1787"]

1. d4 Nf6 2. b3 d5 3. e3 Bf5 4. Bb2 c6 5. Bd3 Bxd3 6. Qxd3 Nbd7 7. Nf3 e6 8. O-O
Bd6 9. Ne5 Qc7 10. f4 Ne4 11. Nxd7 Qxd7 12. Nd2 f5 13. Nf3 h6 14. Qe2 O-O-O 15.
c4 g5 16. Ne5 Bxe5 17. fxe5 Kb8 18. Rac1 h5 19. c5 Rh7 20. b4 h4 21. a4 Ka8 22.
b5 Ng3 23. Qd3 Nxf1 24. Rxf1 Rf7 25. Bc1 Rdf8 26. b6 a6 27. a5 Rg7 28. Qe2 Qf7
29. Qc2 Qg8 30. Rf3 Rgf7 31. Rf2 f4 32. e4 g4 33. exd5 exd5 34. e6 Re7 35. Bxf4
Rxe6 36. Be5 Ree8 37. g3 hxg3 38. hxg3 Rxf2 39. Qxf2 Rf8 40. Qd2 Qg6 41. Qd1 Qe4
42. Qd2 Qb1+ 43. Kg2 Qf1+ 0-1

[Event "POLFINAL MISTRZOSTW POLSKI JUNIOROW 2019 - C15"]
[Site "Ustron"]
[Date "1899-12-30"]
[Round "1.5"]
[White "Haliniak, Wojciech"]
[Black "Zurawski, Mateusz"]
[Result "1-0"]
[WhiteTitle "I"]
[BlackTitle "II"]
[WhiteElo "1756"]
[BlackElo "1522"]

1. e4 e6 2. Nc3 d5 3. Nf3 Nf6 4. e5 Nfd7 5. d4 c5 6. dxc5 Nc6 7. Bf4 Bxc5 8. Bd3
f6 9. exf6 Nxf6 10. O-O O-O 11. a3 a6 12. Qd2 g6 13. Rae1 Re8 14. Bg5 Be7 15.
h4 Ng4 16. Bxe7 Rxe7 17. Qg5 e5 18. Nd2 Qd6 19. Nxd5 Rg7 20. Bc4 Kh8 21. Ne4 Qf8
22. f3 h6 23. Qd2 1-0

[Event "POLFINAL MISTRZOSTW POLSKI JUNIOROW 2019 - C15"]
[Site "Ustron"]
[Date "1899-12-30"]
[Round "1.6"]
[White "Zielinski, Sebastian"]
[Black "Jedrusik, Adam"]
[Result "1/2-1/2"]
[WhiteTitle "II+"]
[BlackTitle "I"]
[WhiteElo "1517"]
[BlackElo "1743"]

1. e4 c6 2. d4 d5 3. Nc3 dxe4 4. Nxe4 Bf5 5. Ng3 Bg6 6. h4 h6 7. Nh3 e6 8. Nf4
Bh7 9. Bc4 Nf6 10. Ngh5 Nbd7 11. c3 Nxh5 12. Nxh5 Nf6 13. Bf4 Nxh5 14. Qxh5 Bd6
15. Qg4 Bxf4 16. Qxf4 Qe7 17. a3 O-O-O 18. O-O-O Rd7 19. Bd3 Bxd3 20. Rxd3 Rhd8
21. Rhd1 c5 22. Kc2 c4 23. Rg3 e5 24. Qe4 Rd5 25. Rxg7 Qf6 26. Qg4+ Kc7 27. Qg3
Kb6 28. Rg4 Qf5+ 29. Kc1 f6 30. Qf3 Qxf3 31. gxf3 exd4 32. Rg6 d3 33. Rxf6+ R8d6
34. Rxd6+ Rxd6 35. Rg1 Kc5 36. Rg7 Re6 37. Rxb7 Re1+ 38. Kd2 Re2+ 39. Kd1 Rxf2
40. Rxa7 Rxf3 41. Ra5+ Kb6 42. Re5 Rh3 43. Re6+ Kc5 44. Rxh6 Rh1+ 45. Kd2 Rh2+
46. Kd1 Rh1+ 1/2-1/2

[Event "POLFINAL MISTRZOSTW POLSKI JUNIOROW 2019 - C15"]
[Site "Ustron"]
[Date "1899-12-30"]
[Round "1.7"]
[White "Skawinski, Szymon"]
[Black "Kopczynski, Alan"]
[Result "1-0"]
[WhiteTitle "I"]
[BlackTitle "II+"]
[WhiteElo "1715"]
[BlackElo "1501"]

1. e4 e6 2. d4 d5 3. e5 c5 4. c3 Nc6 5. Nf3 Qb6 6. Be2 cxd4 7. cxd4 Nge7 8. Na3
Nf5 9. Nc2 Be7 10. h4 h5 11. Kf1 Bd7 12. Bd3 Nh6 13. g3 g6 14. Kg2 Kf8 15. Bxh6+
Rxh6 16. Qd2 Kg7 17. Qf4 Be8 18. Ng5 a5 19. g4 Qd8 20. Be2 hxg4 21. Bxg4 Rxh4
22. Nf3 g5 23. Qg3 b5 24. Nxh4 gxh4 25. Qf3 Bg5 26. Rhg1 Ne7 27. Kh1 Ng6 28. Bh5
Qe7 29. Ne3 Ra7 30. Ng4 b4 31. Bxg6 fxg6 32. Ne3 Rc7 33. Rac1 Rb7 34. Rc8 Bf7
35. Rc5 Ra7 36. Ng2 Ra8 37. Nf4 Ra7 38. Qg4 Bxf4 39. Qxf4 Ra8 40. Rg4 Rh8 41.
Qc1 Qd8 42. Rc7 Rh5 43. Rf4 Rf5 44. Rxf5 gxf5 45. Rc5 Qb6 46. Qg5+ 1-0

[Event "POLFINAL MISTRZOSTW POLSKI JUNIOROW 2019 - C15"]
[Site "Ustron"]
[Date "1899-12-30"]
[Round "1.8"]
[White "Celebias, Filip"]
[Black "Wasik, Mateusz"]
[Result "0-1"]
[WhiteTitle "II"]
[BlackTitle "I"]
[WhiteElo "1470"]
[BlackElo "1696"]

1. e4 c5 2. b3 Nc6 3. Bb2 e5 4. Bb5 Qc7 5. Nc3 Nf6 6. Nf3 Bd6 7. a4 O-O 8. O-O
b6 9. Bc4 a6 10. Re1 Bb7 11. Nd5 Qd8 12. c3 h6 13. d4 Re8 14. dxc5 Bxc5 15. Nxf6+
Qxf6 16. Qxd7 Red8 17. Qf5 Qxf5 18. exf5 e4 19. Rxe4 Na5 20. Rf4 Nxc4 21. bxc4
Bxf3 22. Rxf3 Rd2 23. Rb1 Rad8 24. Re3 Bxe3 25. fxe3 Rd1+ 26. Rxd1 Rxd1+ 27. Kf2
Rd2+ 0-1

[Event "POLFINAL MISTRZOSTW POLSKI JUNIOROW 2019 - C15"]
[Site "Ustron"]
[Date "1899-12-30"]
[Round "1.9"]
[White "Kitewski, Bartosz"]
[Black "Labedz, Dawid"]
[Result "1/2-1/2"]
[WhiteTitle "I"]
[BlackTitle "II"]
[WhiteElo "1674"]
[BlackElo "1468"]

1. d4 Nf6 2. c4 c5 3. d5 b5 4. cxb5 a6 5. bxa6 d6 6. e3 Bxa6 7. Be2 g6 8. Nc3 Bg7
9. Nf3 O-O 10. O-O Qb6 11. Nd2 Bxe2 12. Qxe2 Na6 13. Nc4 Qb7 14. e4 Rfb8 15. Rb1
Nd7 16. Bf4 Bxc3 17. Qg4 Ne5 18. Bxe5 Bxe5 19. Na5 Qc8 20. Qe2 Nb4 21. Nc4 Nxa2
22. f4 Bd4+ 23. Kh1 Qa6 24. f5 Rb4 25. fxg6 fxg6 26. b3 Nc3 27. Qf3 Nxb1 28. Qf7+
Kh8 29. Qxe7 Qc8 30. Nxd6 Qg8 31. Nf7+ Kg7 32. Ne5+ Kh8 33. Nf7+ Kg7 34. e5 h5
35. Qf6+ Kh7 36. Ng5+ Kh6 37. Nf7+ Kh7 1/2-1/2

[Event "POLFINAL MISTRZOSTW POLSKI JUNIOROW 2019 - C15"]
[Site "Ustron"]
[Date "1899-12-30"]
[Round "1.10"]
[White "Mocko, Maciej"]
[Black "Owoc, Jakub"]
[Result "1-0"]
[WhiteTitle "II"]
[BlackTitle "I"]
[WhiteElo "1459"]
[BlackElo "1668"]

1. e4 c6 2. d4 d5 3. Nc3 dxe4 4. Nxe4 Bf5 5. Ng3 Bg6 6. h4 h6 7. Nf3 Nd7 8. h5
Bh7 9. Bd3 Bxd3 10. Qxd3 e6 11. Bd2 Ngf6 12. O-O-O Qc7 13. Kb1 Bd6 14. Ne4 Nxe4
15. Qxe4 Nf6 16. Qe2 O-O-O 17. c4 Rhe8 18. Bc3 Nd7 19. Rhe1 Nf6 20. Rh1 Qe7 21.
Ne5 Nd7 22. f4 Nxe5 23. fxe5 Bb4 24. Bxb4 Qxb4 25. Rhf1 Rd7 26. Rf4 Red8 27. Rg4
Qf8 28. Qc2 c5 29. Qh7 f5 30. Rg6 Rxd4 31. Rxd4 cxd4 32. Rxg7 Qb4 33. Rc7+ Kb8
34. Qe7 Qxe7 35. Rxe7 Rg8 36. Rxe6 Rxg2 37. Rxh6 d3 38. Kc1 Rc2+ 39. Kd1 Rxc4
40. Rh8+ Kc7 41. h6 Kb6 42. h7 Rc7 43. Kd2 f4 44. Kxd3 f3 45. Ke3 Rf7 46. Kf2
Kc7 47. e6 Re7 48. Rf8 Rxh7 49. Rf7+ Rxf7 50. exf7 a5 51. f8=Q Kb6 52. Kxf3 Ka6
53. Qd6+ Kb5 54. Ke4 b6 55. Kd4 a4 56. a3 Ka6 57. Qb4 Kb7 58. Qxa4 Kc7 59. Kd5
Kb7 60. Kd6 Kb8 61. Kc6 b5 62. Qa6 b4 63. Qb7# 1-0

[Event "POLFINAL MISTRZOSTW POLSKI JUNIOROW 2019 - C15"]
[Site "Ustron"]
[Date "1899-12-30"]
[Round "1.11"]
[White "Krasniewski, Szymon"]
[Black "Pieczulis, Blazej"]
[Result "1/2-1/2"]
[WhiteTitle "I"]
[BlackTitle "I"]
[WhiteElo "1662"]
[BlackElo "1443"]

1. e4 e6 2. d4 d5 3. Nd2 dxe4 4. Nxe4 Bd7 5. Nf3 Bc6 6. Bd3 Bxe4 7. Bxe4 c6 8.
O-O Nf6 9. Bd3 Bd6 10. Bg5 Nbd7 11. c4 Qc7 12. a3 O-O 13. Qc2 Rac8 14. Rac1 Bf4
15. Bxf4 Qxf4 16. Qd2 Qxd2 17. Nxd2 e5 18. Nb3 Rcd8 19. Rcd1 exd4 20. Nxd4 Ne5
21. Be2 Rd7 22. Nf3 Nxf3+ 23. Bxf3 Rfd8 24. Rxd7 Rxd7 25. Rd1 Rxd1+ 26. Bxd1 Kf8
27. f3 Ke7 28. Kf2 Kd6 29. Ke3 h6 30. Bc2 a5 31. h4 b6 32. Kd4 c5+ 33. Ke3 Ke6
34. f4 Ng4+ 35. Kf3 f5 36. Ba4 Nf6 37. Bc6 g6 38. b3 h5 39. g3 Kd6 1/2-1/2

[Event "POLFINAL MISTRZOSTW POLSKI JUNIOROW 2019 - C15"]
[Site "Ustron"]
[Date "1899-12-30"]
[Round "1.12"]
[White "Sawicki, Wojciech"]
[Black "Topola, Rafal"]
[Result "0-1"]
[WhiteTitle "II"]
[BlackTitle "I"]
[WhiteElo "1439"]
[BlackElo "1659"]

1. d4 d5 2. Nf3 Nf6 3. g3 e6 4. Bg2 c5 5. O-O Nc6 6. c3 Be7 7. Re1 O-O 8. Nbd2
b6 9. b3 Bb7 10. Bb2 Rc8 11. Rc1 Qd6 12. c4 cxd4 13. Nxd4 Nxd4 14. Bxd4 Rfd8 15.
e3 Qb8 16. Qf3 Rd7 17. Qe2 dxc4 18. Bxb7 Qxb7 19. Nxc4 Rdc7 20. Bxf6 gxf6 21.
Rcd1 Qc6 22. Qg4+ Kh8 23. Qf4 Rd7 24. Rxd7 Qxd7 25. e4 Qd4 26. a4 Rd8 27. Kg2
Bc5 28. Re2 Bb4 29. h3 Kg7 30. Qg4+ Kh8 31. Qf4 a6 32. e5 Qxf4 33. gxf4 b5 34.
axb5 axb5 35. Ne3 fxe5 36. fxe5 Rd3 37. Nc2 Be7 38. Re3 Rd2 39. Ne1 Bc5 40. Rf3
Kg7 41. Nd3 Bd4 42. Kg3 Re2 43. Kf4 Kf8 44. h4 h6 45. Kg3 Bxe5+ 46. Nxe5 Rxe5
47. Rc3 Re4 48. Rc8+ Kg7 49. Rb8 Rb4 50. Rb7 Rxb3+ 51. f3 Rb1 52. Kg2 Kg6 53.
Kf2 b4 54. Ke2 Rb2+ 55. Kd1 Rb3 56. Kc2 Rc3+ 57. Kd2 Rxf3 58. Rxb4 e5 59. Ke2
Rf4 60. Rb5 f6 0-1

[Event "POLFINAL MISTRZOSTW POLSKI JUNIOROW 2019 - C15"]
[Site "Ustron"]
[Date "1899-12-30"]
[Round "1.13"]
[White "Kietrys, Maciej"]
[Black "Jedrzejczak, Michal"]
[Result "1-0"]
[WhiteTitle "I"]
[BlackTitle "II"]
[WhiteElo "1656"]
[BlackElo "1434"]

1. e4 c5 2. Nc3 Nc6 3. g3 g6 4. Bg2 Bg7 5. d3 d6 6. Be3 e5 7. Qd2 Nd4 8. Nce2 h6
9. c3 Nxe2 10. Nxe2 Bg4 11. f3 Be6 12. O-O Ne7 13. f4 exf4 14. Nxf4 Bg4 15. h3
Bd7 16. d4 Qc8 17. Kh2 h5 18. dxc5 g5 19. Nd5 Nxd5 20. Qxd5 Be6 21. Qxg5 1-0

[Event "POLFINAL MISTRZOSTW POLSKI JUNIOROW 2019 - C15"]
[Site "Ustron"]
[Date "1899-12-30"]
[Round "1.14"]
[White "Szafranski, Maciej"]
[Black "Strepikowski, Pawel"]
[Result "0-1"]
[WhiteTitle "II+"]
[BlackTitle "I"]
[WhiteElo "1412"]
[BlackElo "1649"]

1. e4 Nc6 2. d4 e5 3. d5 Nce7 4. Nf3 Ng6 5. Be3 Nf6 6. Bd3 Bb4+ 7. c3 Ba5 8. Qa4
Bb6 9. Bxb6 cxb6 10. Bc2 Qc7 11. Na3 a6 12. Qc4 Qd6 13. g3 O-O 14. Qd3 b5 15.
Bb3 b6 16. Nc2 Qc5 17. Ne3 d6 18. O-O Ne7 19. Bd1 Ne8 20. Nh4 g6 21. Bg4 Bxg4
22. Nxg4 Kg7 23. Ne3 Nf6 24. Rac1 Qc8 25. Kg2 Ng4 26. a3 Nxe3+ 27. Qxe3 Qc5 28.
Qd3 f5 29. f3 f4 30. g4 Rfc8 31. Kh1 Rc7 32. Ng2 Rac8 33. Qd2 Qc4 34. Qf2 Qc5
35. Qd2 Ng8 36. Ne1 Qc4 37. Nd3 a5 38. Kg2 Nf6 39. g5 Nd7 40. Nxf4 exf4 41. Qxf4
Nc5 42. Qxd6 Qe2+ 43. Rf2 Qe3 44. Qf6+ Kg8 45. Rcc2 Rf7 46. Qxb6 Qxg5+ 47. Kf1
Nd3 48. d6 Nxf2 0-1

[Event "POLFINAL MISTRZOSTW POLSKI JUNIOROW 2019 - C15"]
[Site "Ustron"]
[Date "1899-12-30"]
[Round "1.15"]
[White "Lenart, Jakub"]
[Black "Zakrzewicz, Kacper"]
[Result "1-0"]
[WhiteTitle "I"]
[BlackTitle "II"]
[WhiteElo "1629"]
[BlackElo "1394"]

1. d4 Nf6 2. Nf3 g6 3. g3 Bg7 4. Bg2 O-O 5. O-O d5 6. Ne5 e6 7. Bg5 Nbd7 8. Qd2
c6 9. Nc3 Qc7 10. Bf4 Qd8 11. Bg5 Qc7 12. Bf4 Qd8 13. Rad1 a6 14. Rfe1 Nh5 15.
Nxd7 Bxd7 16. Bh6 Re8 17. Bxg7 Kxg7 18. e4 Nf6 19. Bf3 Rc8 20. h4 h5 21. e5 Ng8
22. Na4 b6 23. b3 Nh6 24. Be2 Ra8 25. c4 Rf8 26. Qb4 b5 27. Nc5 Nf5 28. Kg2 Bc8
29. Bd3 Nxd4 30. cxd5 Qxd5+ 31. Be4 Nc2 32. Rxd5 Nxb4 33. Rd6 Nxa2 34. Rxc6 Ra7
35. Nd3 b4 36. Kg1 Nc3 37. Bg2 a5 38. Ra1 Bb7 39. Rc7 Ne2+ 40. Kh2 Nd4 41. Rxb7
Rxb7 42. Bxb7 Nxb3 43. Ra2 Rd8 44. Nf4 Kh6 45. Kg2 Rb8 46. Ba6 Nc5 47. Rxa5 Ra8
48. Rxc5 Rxa6 49. Rc7 Ra7 50. Kg1 1-0

[Event "POLFINAL MISTRZOSTW POLSKI JUNIOROW 2019 - C15"]
[Site "Ustron"]
[Date "1899-12-30"]
[Round "1.16"]
[White "Sloniec, Adrian"]
[Black "Kotula, Pawel"]
[Result "0-1"]
[WhiteTitle "II"]
[BlackTitle "I"]
[WhiteElo "1383"]
[BlackElo "1619"]

1. e4 c5 2. Nf3 e6 3. d4 cxd4 4. Nxd4 Nf6 5. Nc3 Nc6 6. Be3 e5 7. Nb3 Bb4 8. Bc4
O-O 9. Qd3 Bxc3+ 10. bxc3 d6 11. Rd1 Qc7 12. Bg5 Ne8 13. O-O Bg4 14. Rd2 Rc8 15.
Bd5 Ne7 16. c4 Nxd5 17. cxd5 f6 18. Be3 f5 19. f3 fxe4 20. fxe4 Rxf1+ 21. Qxf1
Nf6 22. Qd3 Qc4 23. Bxa7 Nxe4 24. Qxc4 Rxc4 25. Rd3 Rxc2 26. h3 Rxa2 27. Bb8 Bf5
28. Rf3 Bg6 29. Bc7 Rb2 30. Na5 Rb5 31. Bd8 Bf7 32. Nc4 Rxd5 33. Be7 h6 34. Kh2
Nd2 35. Rc3 Rc5 0-1

[Event "POLFINAL MISTRZOSTW POLSKI JUNIOROW 2019 - C15"]
[Site "Ustron"]
[Date "1899-12-30"]
[Round "1.17"]
[White "Jozefczyk, Szymon"]
[Black "Kukorowski, Wojciech"]
[Result "1-0"]
[WhiteTitle "II"]
[BlackTitle "II"]
[WhiteElo "1616"]
[BlackElo "1371"]

1. e4 e5 2. Nf3 Nf6 3. Nxe5 d6 4. Nf3 Nxe4 5. d4 Be7 6. Bd3 Bf5 7. O-O O-O 8. Re1
d5 9. Nbd2 Nxd2 10. Bxf5 Nxf3+ 11. Qxf3 c6 12. Qg4 Bf6 13. c3 g6 14. Bh6 Bg7 15.
Bxg7 Kxg7 16. Re3 Kh8 17. Bd3 Nd7 18. Rae1 Nf6 19. Qf4 Kg7 20. Kf1 Re8 21. Rxe8
Nxe8 22. Qe5+ Nf6 23. Qe7 Qb6 24. Qa3 Re8 25. Rxe8 Nxe8 26. f3 Nc7 27. b3 Ne6
28. Qb2 Nf4 29. Qd2 Nxd3 30. Qxd3 Kf6 31. Qe3 Qc7 32. f4 h5 33. Kf2 Qe7 34. Qxe7+
Kxe7 35. Kf3 Kf6 36. h3 Ke6 37. g4 f6 38. f5+ Kf7 39. fxg6+ Kxg6 40. gxh5+ Kxh5
41. Kf4 Kg6 42. h4 a5 43. a4 b5 44. Kg4 f5+ 45. Kf4 b4 46. cxb4 axb4 47. a5 c5
48. dxc5 d4 49. a6 d3 50. Ke3 f4+ 51. Kxd3 f3 52. Ke3 Kh5 53. Kxf3 Kxh4 54. a7
Kh3 55. a8=Q Kh2 56. Qg8 Kh1 57. Qg2# 1-0

[Event "POLFINAL MISTRZOSTW POLSKI JUNIOROW 2019 - C15"]
[Site "Ustron"]
[Date "1899-12-30"]
[Round "1.18"]
[White "Wolny, Dawid"]
[Black "Werner, Kacper"]
[Result "0-1"]
[WhiteTitle "II"]
[BlackTitle "II"]
[WhiteElo "1343"]
[BlackElo "1573"]

1. e4 c5 2. Nf3 d6 3. d4 cxd4 4. Nxd4 Nf6 5. Nc3 a6 6. Be2 e6 7. O-O Be7 8. Kh1
O-O 9. Be3 b5 10. Bf3 Nfd7 11. e5 d5 12. Nxd5 exd5 13. Bxd5 Nb6 14. Bxa8 Nxa8
15. f4 Nb6 16. Qf3 f5 17. Rad1 Qc7 18. Rd3 Na4 19. Bc1 Qb6 20. b3 Nc5 21. Rdd1
Ne4 22. Be3 Qc7 23. Rc1 Ba3 24. Rb1 Qe7 25. c4 Bc5 26. Rb2 Bxd4 27. Bxd4 Nc6 28.
Be3 Be6 29. c5 Nb4 30. Bf2 Nxc5 31. Bxc5 Qxc5 32. a3 Nd5 33. b4 Qc4 34. Rbb1 Rc8
35. h3 Qc3 36. Rbc1 Qxc1 37. Rxc1 Rxc1+ 38. Kh2 g6 39. Qf2 Rc3 40. Qa7 Rxa3 41.
Qb8+ Kg7 42. Qa7+ Kh6 43. Qf2 Rc3 44. Qh4+ Kg7 45. Qd8 Rc7 46. Qd6 Kf7 47. g4
Rc2+ 48. Kg3 Rc3+ 49. Kh4 Nxf4 50. gxf5 gxf5 51. Qd8 Rxh3+ 52. Kg5 Nd5 53. Qd6
h6# 0-1

[Event "POLFINAL MISTRZOSTW POLSKI JUNIOROW 2019 - C15"]
[Site "Ustron"]
[Date "1899-12-30"]
[Round "1.19"]
[White "Kosior, Jan"]
[Black "Wleklik, Mateusz"]
[Result "1-0"]
[WhiteTitle "II"]
[BlackTitle "II"]
[WhiteElo "1565"]
[BlackElo "1259"]

1. e4 c5 2. Nf3 d6 3. d4 cxd4 4. Nxd4 Nf6 5. Nc3 a6 6. Be2 e5 7. Nb3 Be6 8. O-O
Be7 9. Re1 O-O 10. Bf3 Nbd7 11. a4 b6 12. Be3 Nc5 13. Bg5 Qc7 14. Bxf6 Bxf6 15.
Nd5 Bxd5 16. Qxd5 Be7 17. Red1 Nd7 18. Qd3 Nf6 19. Nd2 Rfd8 20. Nf1 Bf8 21. Ne3
g6 22. Rd2 a5 23. Rad1 Rac8 24. Bg4 Nxg4 25. Nxg4 Be7 26. b3 Qc5 27. g3 Bg5 28.
Re2 h5 29. h4 hxg4 30. hxg5 Qc3 31. Qxc3 Rxc3 32. Rdd2 Kg7 33. Rd5 Rc5 34. Rd3
Kf8 35. Red2 Ke7 36. Kf1 Ke6 37. Ke2 d5 38. exd5+ Rcxd5 39. Rxd5 Rxd5 40. Rxd5
Kxd5 41. Kd3 e4+ 42. Ke3 Ke5 43. c3 Kf5 44. b4 Ke5 45. bxa5 bxa5 46. c4 Kd6 47.
Kxe4 Kc5 48. Kd3 Kb4 49. Kd4 Kxa4 50. Kc3 Ka3 51. c5 1-0

[Event "POLFINAL MISTRZOSTW POLSKI JUNIOROW 2019 - C15"]
[Site "Ustron"]
[Date "1899-12-30"]
[Round "1.20"]
[White "Komisarski, Jerzy"]
[Black "Nowak, Maciej"]
[Result "0-1"]
[WhiteTitle "II"]
[BlackTitle "II"]
[WhiteElo "1251"]
[BlackElo "1564"]

1. d4 Nf6 2. Bg5 d5 3. c4 Ne4 4. Bf4 dxc4 5. f3 Nf6 6. e4 e6 7. Bxc4 Nh5 8. Be3
Bb4+ 9. Nc3 O-O 10. e5 c5 11. g4 cxd4 12. Qxd4 Qxd4 13. Bxd4 Nf4 14. a3 Nc6 15.
O-O-O Rd8 16. Nge2 Nxd4 17. Nxf4 Ba5 18. Rd3 Nc6 19. Rxd8+ Bxd8 20. Rd1 Bg5 21.
Nce2 Nxe5 22. Bd3 Bd7 23. Be4 Rc8+ 24. Kb1 Rc4 25. Nh3 Ba4 26. Bxh7+ Kh8 27. Rd4
Rxd4 28. Nxd4 Be3 29. Bc2 Bxd4 30. Bxa4 Nxf3 31. Be8 Kg8 32. g5 Kf8 33. Bb5 Be3
34. g6 fxg6 35. Bd3 g5 36. Be4 g4 37. Kc2 Ne5 38. Bxb7 gxh3 39. Ba6 g5 40. b4
Ke7 41. Kd1 Bf4 42. Bf1 g4 0-1

[Event "POLFINAL MISTRZOSTW POLSKI JUNIOROW 2019 - C15"]
[Site "Ustron"]
[Date "1899-12-30"]
[Round "1.21"]
[White "Czarniecki, Pawel"]
[Black "Kopestynski, Michal"]
[Result "1-0"]
[WhiteTitle "II+"]
[BlackTitle "II"]
[WhiteElo "1561"]
[BlackElo "1248"]

1. d4 Nf6 2. c4 g6 3. Nc3 Bg7 4. Nf3 O-O 5. Bg5 d6 6. e3 Nbd7 7. Be2 e5 8. O-O
h6 9. Bh4 g5 10. Bg3 Nh5 11. dxe5 Nxg3 12. hxg3 Nxe5 13. Qc2 Be6 14. Nxe5 Bxe5
15. f4 gxf4 16. gxf4 Bg7 17. f5 Bd7 18. Nd5 Be5 19. f6 c6 20. Ne7+ Kh8 21. Qe4
Rg8 22. Bd3 Rg6 23. Nxg6+ fxg6 24. Qxg6 Qg8 25. Qxh6+ 1-0

[Event "POLFINAL MISTRZOSTW POLSKI JUNIOROW 2019 - C15"]
[Site "Ustron"]
[Date "1899-12-30"]
[Round "1.22"]
[White "Kuczmik, Pawel"]
[Black "Wieczorek, Karol"]
[Result "0-1"]
[WhiteTitle "II"]
[BlackTitle "I"]
[WhiteElo "1162"]
[BlackElo "1549"]

1. e4 c6 2. Nc3 d5 3. Nf3 Bg4 4. exd5 cxd5 5. Bb5+ Nc6 6. h3 Bxf3 7. Qxf3 e6 8.
O-O Nf6 9. Ne2 a6 10. Bxc6+ bxc6 11. d4 Be7 12. Qg3 O-O 13. Bh6 Ne8 14. b3 Bd6
15. Bf4 Bxf4 16. Nxf4 Nf6 17. Nd3 Ne4 18. Qe3 Qc7 19. Rac1 Rfc8 20. c4 Qa5 21.
Rc2 Nd6 22. Qe5 Nf5 23. Rfc1 Qc7 24. cxd5 Qxe5 25. Nxe5 Nxd4 26. Rd2 c5 27. dxe6
Nxe6 28. Rdc2 Rd8 29. Kf1 f6 30. Nc6 Rd6 31. Ne7+ Kf7 32. Nf5 Rd7 33. Ke1 Re8
34. Re2 Red8 35. g3 h6 36. Re3 Rd5 37. g4 R8d7 38. f3 Nf4 39. Rc2 Nxh3 40. Ke2
Nf4+ 41. Kf2 Rd2+ 42. Rxd2 Rxd2+ 43. Kg3 Ne6 44. f4 a5 45. a4 Rd7 46. Kf3 Nd4+
47. Nxd4 Rxd4 48. Re4 Rxe4 49. Kxe4 Ke6 50. f5+ Kd6 51. Ke3 Ke5 52. Kd3 Kf4 53.
Kc4 Kxg4 54. Kb5 h5 55. Kxa5 h4 0-1

[Event "POLFINAL MISTRZOSTW POLSKI JUNIOROW 2019 - C15"]
[Site "Ustron"]
[Date "1899-12-30"]
[Round "2.1"]
[White "Kotula, Pawel"]
[Black "Budzisz, Adrian"]
[Result "1/2-1/2"]
[WhiteTitle "I"]
[BlackTitle "I"]
[WhiteElo "1619"]
[BlackElo "1842"]

1. e4 c5 2. Nf3 e6 3. d4 cxd4 4. Nxd4 a6 5. Bd3 Nf6 6. O-O d6 7. c4 Nc6 8. Be3
Ne5 9. Nc3 Nxd3 10. Qxd3 Be7 11. h3 O-O 12. Rac1 Qc7 13. Rfd1 Bd7 14. b3 Rfd8
15. Bg5 h6 16. Bh4 Qb6 17. a3 g5 18. Bg3 d5 19. exd5 Bxa3 20. Rc2 exd5 21. cxd5
Bd6 22. Bxd6 Qxd6 23. Nf5 Bxf5 24. Qxf5 Re8 25. Qf3 Rac8 26. Ne4 Nxe4 27. Rxc8
Rxc8 28. Qxe4 Rc7 29. Qd4 Re7 30. Rc1 Kh7 31. g3 Re5 32. Qd3+ Kg7 33. Rd1 f6 34.
Qc4 h5 35. Qd4 Re7 36. h4 Qe5 37. Qxe5 Rxe5 38. hxg5 fxg5 39. d6 Re8 40. Rd5 Kf6
41. f4 gxf4 42. gxf4 Ke6 43. Re5+ Kd7 44. Rxh5 Kxd6 45. Kf2 Rc8 46. Rh3 Rc2+ 47.
Ke1 Rb2 48. Rf3 Kd5 49. Kd1 Ke4 50. Rc3 Kxf4 51. Kc1 Re2 52. Rc7 b5 53. Rc6 a5
54. Ra6 Ke3 55. Rxa5 b4 56. Rb5 Kd3 57. Rxb4 Kc3 58. Rc4+ 1/2-1/2

[Event "POLFINAL MISTRZOSTW POLSKI JUNIOROW 2019 - C15"]
[Site "Ustron"]
[Date "1899-12-30"]
[Round "2.2"]
[White "Dalkowski, Rafal"]
[Black "Jozefczyk, Szymon"]
[Result "1/2-1/2"]
[WhiteTitle "II+"]
[BlackTitle "II"]
[WhiteElo "1787"]
[BlackElo "1616"]

1. d4 Nf6 2. c4 c5 3. d5 b5 4. cxb5 a6 5. bxa6 d6 6. Nc3 g6 7. g3 Bg7 8. Bg2 Bxa6
9. Nf3 Nbd7 10. O-O Nb6 11. Nd2 O-O 12. Qc2 Nfd7 13. Re1 Qb8 14. b3 Ne5 15. Bb2
Qb7 16. h3 Rfb8 17. Rab1 Qa7 18. Kh2 Bb7 19. Ra1 Qa5 20. Rec1 Rc8 21. f4 Ned7
22. Nc4 Nxc4 23. bxc4 Ba6 24. Nb5 Bxb5 25. Bxg7 Ba4 26. Qc3 f6 27. Qe3 Kxg7 28.
Qxe7+ Kg8 29. Qe6+ Kh8 30. Qg4 Rab8 31. Rab1 Qd2 32. Qe6 Qxa2 33. Ra1 Qb3 34.
Rab1 Qxb1 35. Rxb1 Rxb1 36. Qxd6 Re8 37. Qa6 Ra1 38. Bf3 Ra2 39. Qd6 Kg7 40. g4
Rc2 41. Qa6 Ra2 42. Qd6 Rb2 43. g5 f5 44. h4 h5 45. Kg3 Rb6 1/2-1/2

[Event "POLFINAL MISTRZOSTW POLSKI JUNIOROW 2019 - C15"]
[Site "Ustron"]
[Date "1899-12-30"]
[Round "2.3"]
[White "Werner, Kacper"]
[Black "Haliniak, Wojciech"]
[Result "0-1"]
[WhiteTitle "II"]
[BlackTitle "I"]
[WhiteElo "1573"]
[BlackElo "1756"]

1. e4 c5 2. Nf3 Nc6 3. d4 cxd4 4. Nxd4 Nf6 5. Nc3 d6 6. Be2 g6 7. O-O Bg7 8. Be3
O-O 9. h3 Bd7 10. Qd2 Rc8 11. f4 Nxd4 12. Bxd4 Qa5 13. Bd3 Qb4 14. Qe3 Ng4 15.
Qf3 Bxd4+ 16. Kh1 Ne3 17. Rfb1 Bc6 18. Ne2 Bb6 19. a3 Qc5 20. b4 Qh5 21. g4 Qh4
22. b5 Bd7 23. f5 Nxc2 24. Ra2 Nd4 25. Nxd4 Bxd4 26. Rg2 Rc3 27. a4 Rfc8 28. Rf1
Rc1 29. Rd2 Qg5 30. Re2 Rxf1+ 31. Qxf1 Rc1 32. Re1 Rxe1 33. Qxe1 Qe3 34. Qf1 Be5
35. fxg6 hxg6 36. Bc4 Qf4 0-1